Zur irrelevanz erfolgsorientierter Anreizsysteme bei bestimmten Kapitalmarktbedingungen: Der Mehrperiodenfall.
Podmienky kapitálového trhu, za ktorých prestáva byť účinný pobádací systém pre manažérov podnikov v prípade viacerých časovývh cyklov. Situácia, v ktorej sa manažér rozhoduje a neutralizácia pobádacieho systému. Indiferentnosť manažéra voči investovaniu kapitálu vlastnej či inej firmy pri rovnakom...
Gespeichert in:
| 1. Verfasser: | |
|---|---|
| Format: | Buchkapitel |
| Sprache: | Deutsch |
| Schlagworte: | |
| Tags: |
Keine Tags, Fügen Sie das erste Tag hinzu!
|
MARC
| LEADER | 00000naa a2200000 4500 | ||
|---|---|---|---|
| 001 | r003963 | ||
| 005 | 20221130104038.5 | ||
| 041 | 0 | |a ger | |
| 044 | |a DE | ||
| 245 | 1 | 0 | |a Zur irrelevanz erfolgsorientierter Anreizsysteme bei bestimmten Kapitalmarktbedingungen: Der Mehrperiodenfall. |c Helmut Laux |
| 520 | |a Podmienky kapitálového trhu, za ktorých prestáva byť účinný pobádací systém pre manažérov podnikov v prípade viacerých časovývh cyklov. Situácia, v ktorej sa manažér rozhoduje a neutralizácia pobádacieho systému. Indiferentnosť manažéra voči investovaniu kapitálu vlastnej či inej firmy pri rovnakom odmeňovaní. Zisk ako základ odmeňovania manažéra a jeho zisťovanie. Formy účasti manažéra na výsledkoch podniku. | ||
| 610 | 2 | 0 | |a trh kapitálový |
| 610 | 2 | 0 | |a manažment |
| 610 | 2 | 0 | |a podnik |
| 610 | 2 | 0 | |a rozhodovanie |
| 610 | 2 | 0 | |a odmeňovanie |
| 610 | 2 | 0 | |a stimulovanie |
| 610 | 2 | 0 | |a firmy |
| 610 | 2 | 0 | |a účasť na zisku |
| 610 | 2 | 0 | |a zisk podnikový |
| 100 | 1 | |a Laux, Helmut | |